New trends in difference equations : (Record no. 28799)
[ view plain ]
| 000 -LEADER | |
|---|---|
| fixed length control field | 00795 a2200217 4500 |
| 020 ## - INTERNATIONAL STANDARD BOOK NUMBER | |
| International Standard Book Number | 0415283892 |
| 020 ## - INTERNATIONAL STANDARD BOOK NUMBER | |
| International Standard Book Number | 9780415283892 |
| 082 04 - DEWEY DECIMAL CLASSIFICATION NUMBER | |
| Classification number | 515.3 |
| 090 ## - LOCALLY ASSIGNED LC-TYPE CALL NUMBER (OCLC); LOCAL CALL NUMBER (RLIN) | |
| -- | 161 |
| -- | 161 |
| 100 ## - MAIN ENTRY--PERSONAL NAME | |
| Personal name | Elaydi, Saber N. |
| 245 10 - TITLE STATEMENT | |
| Title | New trends in difference equations : |
| Remainder of title | proceedings of the fifth international conference on difference equations tampico, chile, january 2-7, 2000 / |
| Statement of responsibility, etc. | Saber N. Elaydi, J. LopezFenner, G. Ladas, M. Pinto. |
| 250 ## - EDITION STATEMENT | |
| Edition statement | 1st ed. |
| 260 ## - PUBLICATION, DISTRIBUTION, ETC. | |
| Place of publication, distribution, etc. | [S.l.] : |
| Name of publisher, distributor, etc. | CRC Press, |
| Date of publication, distribution, etc. | 2002. |
| 300 ## - PHYSICAL DESCRIPTION | |
| Extent | 320 p. ; |
| Dimensions | 25 cm. |
| 700 1# - ADDED ENTRY--PERSONAL NAME | |
| Personal name | Elaydi, Saber N. |
| 700 1# - ADDED ENTRY--PERSONAL NAME | |
| Personal name | LopezFenner, J. |
| 700 1# - ADDED ENTRY--PERSONAL NAME | |
| Personal name | Ladas, G. |
| 700 1# - ADDED ENTRY--PERSONAL NAME | |
| Personal name | Pinto, M. |
| 942 ## - ADDED ENTRY ELEMENTS (KOHA) | |
| Institution code [OBSOLETE] | SNS |
| Koha item type | Book |
| Call number prefix | 515.3 ELA |
| Withdrawn status | Lost status | Damaged status | Not for loan | Permanent Location | Current Location | Date acquired | Total Checkouts | Full call number | Barcode | Date last seen | Price effective from | Koha item type |
|---|---|---|---|---|---|---|---|---|---|---|---|---|
| School of Natural Sciences (SNS) | School of Natural Sciences (SNS) | 05/26/2016 | 515.3 ELA | SNS0000056 | 05/26/2016 | 05/26/2016 | Book |
